000 01447nam a22002897a 4500
003 CO-NeUS
005 20180209100500.0
008 150410b sp ||||| |||| 00| 0 spn d
020 _a9788476589854
040 _aCO-NeUS
_bEspañol
_cCO-NeUS
041 _aspa
082 _21a edición
_a302
_bW132d
100 _aWagner, Wolfgang
_990387
245 _aEl discurso de lo cotidiano y el sentido común
_bla teoría de las representaciones sociales
_cWagner, Wolfgang
250 _a1a edición
264 _aEspaña
_bAnthropos
_c2011
300 _a377 páginas
_bIlustrado
_c20 cm.
504 _aIncluye referencia bibliográfica, notas a pie de página, índice de figuras y tablas.
505 _aVida cotidiana, conocimiento racionalidad - Introducción a las representaciones sociales - La topografía de la mentalidad moderna - Organización y estructura de las representaciones sociales - La dinámica de las representaciones sociales - Discurso transmisión y universo compartido - Acción, objetivacion y realidad social - Aspectos epistemologicos de la teoría de la representación social - Métodos en investigación de las representaciones sociales -
650 _aPsicologia social
_9129459
650 _aPsicologia de la comunidad
_9129384
650 _aRepresentaciones sociales
_9130373
650 _aInteraccion social
_9113771
700 _aFlores Palacios, Fátima
_943149
700 _aHayes, Nicky
_949070
942 _cCG
999 _c37656
_d37656